A book of discovery. The story of the world's exploration, from the earliest times to the finding of the South Pole. By M. B. Singe, F.R. Hist. S. Author of The Story of the World. A short history of social life in England, etc. Fully illustrated from authentic sources and with maps

Uloženo v:
Podrobná bibliografie
Hlavní autor: Synge, M. B (Autor)
Médium: Kniha
Jazyk:angličtina
Vydáno: Londres T. C. & E. C. Jack, 67 Long Acre, W.C., and Edinburgh 1912
Vydání:1a. ed
Témata:
Tagy: Přidat tag
Žádné tagy, Buďte první, kdo vytvoří štítek k tomuto záznamu!

MARC

LEADER 00000nam a2200000 a 4500
001 UCJ4841
003 CL-VaPUC
005 20250304110151.0
008 070124e19120000UK |||||||||||||||||eng|d
999 |c 320956  |d 320954 
040 |c Pontificia Universidad Católica de Valparaíso 
082 0 4 |a 910.4  |b SYN  |2 21 
100 0 |a Synge, M. B  |e author  |9 509251 
245 1 2 |a A book of discovery. The story of the world's exploration, from the earliest times to the finding of the South Pole. By M. B. Singe, F.R. Hist. S. Author of The Story of the World. A short history of social life in England, etc. Fully illustrated from authentic sources and with maps 
250 |a 1a. ed 
260 |a Londres  |b T. C. & E. C. Jack, 67 Long Acre, W.C., and Edinburgh  |c 1912 
300 |a xxvii, 554 p 
500 |a Front., hermosa reproducción en colores del mapa de Ptolomeo, originalmente dibujado alrededor del año 150 A. de C.; el mismo aparece en la cubierta. Ilustraciones a color y en blanco y negro, dentro y fuera de texto, todas conforme a lo señalado en los índices. Interesante cronología de viajes, descubrimientos y progresos cartográficos. Ex libris de Alar Carthy. 
583 |a last modification  |c 20070124 00:00:00  |k Rodrigo Vera 
600 0 7 |a PTOLOMEO, CLAUDIO  |2 CL-VaPUC  |9 509252 
600 0 7 |a ERATOSTENES  |2 CL-VaPUC  |9 440561 
600 0 7 |a NEARCO  |2 CL-VaPUC  |9 509253 
600 0 7 |a KHAN, KUBILAI  |2 CL-VaPUC  |9 509254 
600 0 7 |a PRESTE JUAN  |2 CL-VaPUC  |9 509255 
600 0 |a Polo, Marco,  |d 1254-1324  |9 267863 
600 0 7 |a COLON, CRISTOBAL  |2 CL-VaPUC  |9 265189 
600 0 |a Magallanes, Fernando de,  |d 1480-1521  |9 509256 
600 0 |a Drake, Francis  |9 468873 
600 0 7 |a VESPUCIO, AMERICO  |2 CL-VaPUC  |9 265195 
600 0 7 |a Park, Mungo  |d 1771-1806  |9 880528 
600 0 7 |a HALDINGHAM, RICHARD DE  |2 CL-VaPUC  |9 509258 
600 0 7 |a COSA, JUAN DE LA  |2 CL-VaPUC  |9 477358 
600 0 7 |a DESCELLIERS, PIERRE  |2 CL-VaPUC  |9 509259 
600 0 7 |a SHACKLETON, ERNEST  |2 CL-VaPUC  |9 509260 
600 0 7 |a BARENTS, WILLIAM  |2 CL-VaPUC  |9 505561 
600 0 7 |a BEHRING, VITUS  |2 CL-VaPUC  |9 509261 
600 0 7 |a BAFFIN, WILLIAM  |2 CL-VaPUC  |9 505826 
600 0 7 |a AMUDSEN, ROALD  |2 CL-VaPUC  |9 509262 
600 0 7 |a CABOTO, SEBASTIAN  |2 CL-VaPUC  |9 446023 
600 0 7 |a ELCANO, JUAN SEBASTIAN  |2 CL-VaPUC  |9 446315 
600 0 7 |a COOK, JAMES  |2 CL-VaPUC  |9 509263 
600 0 7 |a FRANKLIN, JOHN  |2 CL-VaPUC  |9 509264 
600 0 7 |a HAWKINS, JOHN  |2 CL-VaPUC  |9 509265 
600 0 |a Livingstone, David,  |d 1813-1873  |9 508108 
600 0 7 |a TASMAN, ABEL JANSEN  |2 CL-VaPUC  |9 509266 
650 0 |a Viajes  |9 257115 
650 0 |a Descubrimientos geográficos  |9 331933 
650 0 |a Navegación   |9 255384 
650 7 |a GALERAS  |2 CL-VaPUC  |9 509267 
650 7 |a HISTORIA DE LA GEOGRAFIA  |2 CL-VaPUC  |9 486550 
650 0 |a Cronología   |9 268356 
650 7 |a ESQUIMALES  |2 CL-VaPUC  |9 441373 
650 0 |a Geografía  |9 259346 
650 0 |a Cartografía   |9 266055 
650 7 |a CORSARIOS  |2 CL-VaPUC  |9 317856 
650 0 |a Iconografía   |9 267998 
650 0 |a Ilustraciones  |9 369481 
651 0 |a África  |9 256790 
651 0 |a América  |9 255182 
651 0 |a Antártica (Antártida)  |9 324088 
651 7 |a REGION ARTICA  |2 CL-VaPUC  |9 366377 
651 0 |a Asia  |9 268338 
651 7 |a OCEANIA  |2 CL-VaPUC  |9 317234 
942 |c BK  |2 ddc 
945 |d 20070124 00:00:00  |a rinostro 
952 |0 0  |1 0  |4 0  |6 910_400000000000000_SYN_1912  |7 0  |8 X  |9 399601  |a FDOBUD  |b FDOBUD  |d 2019-11-22  |i 1026674  |o 910.4 SYN 1912  |p 1026674  |r 2019-11-22  |w 2019-11-22  |y BK_X  |k BUD